[Event "17th Chess Festival"]
[Site "Abu Dhabi UAE"]
[Date "2007.08.16"]
[Round "5"]
[White "Jankovic,A"]
[Black "Ghaem Maghami,E"]
[Result "1/2-1/2"]
[WhiteElo "2536"]
[BlackElo "2610"]

1.d4 Nf6 2.Nf3 e6 3.c4 Bb4+ 4.Nbd2 O-O 5.a3 Bxd2+ 6.Bxd2 b6 7.Bg5 Bb7 8.e3 d6
9.Bd3 c5 10.O-O Re8 11.dxc5 dxc5 12.Ne5 Qc7 13.Bxf6 gxf6 14.Ng4 Nd7 15.f4 Kg7
16.e4 Rg8 17.Ne3 Kh8 18.Qh5 Rg7 19.Rad1 Rag8  1/2-1/2

[Event "New England Masters"]
[Site "Peabody USA"]
[Date "2007.08.16"]
[Round "7"]
[White "Yanayt,E"]
[Black "Vicary,E"]
[Result "1-0"]
[WhiteElo "2335"]
[BlackElo "2148"]

1.d4 Nf6 2.c4 e6 3.Nf3 Bb4+ 4.Nbd2 O-O 5.a3 Bxd2+ 6.Qxd2 d6 7.Qc2 h6 8.e4 Qe7
9.h3 e5 10.d5 a5 11.b3 Na6 12.Be2 Bd7 13.O-O c6 14.Be3 cxd5 15.exd5 Rfc8
16.Qb1 Nc7 17.Bb6 Be8 18.Rd1 Ra6 19.Bxc7 Rxc7 20.b4 Ra8 21.Qb2 Rd8 22.Nd2 e4
23.Qd4 Ba4 24.Re1 b5 25.cxb5 e3 26.fxe3 axb4 27.e4 Rb7 28.Qxb4 Ra8 29.Bd3 Nd7
30.Rac1 Ne5 31.Bf1 Qd8 32.Kh1 Qb6 33.Nc4 Qxb5 34.Qxb5 Bxb5 35.Nxd6  1-0

[Event "17th Chess Festival"]
[Site "Abu Dhabi UAE"]
[Date "2007.08.17"]
[Round "6"]
[White "Miroshnichenko,E"]
[Black "Venkatesh,M"]
[Result "1-0"]
[WhiteElo "2671"]
[BlackElo "2443"]

1.d4 Nf6 2.c4 e6 3.Nf3 Bb4+ 4.Nbd2 b6 5.a3 Bxd2+ 6.Qxd2 Bb7 7.e3 O-O 8.b4 d6
9.Bb2 Nbd7 10.Be2 a5 11.O-O Ne4 12.Qd3 Qe7 13.Nd2 f5 14.f3 Ng5 15.Bc3 a4
16.Rac1 e5 17.d5 c6 18.f4 e4 19.Qc2 Nf7 20.dxc6 Bxc6 21.Qb2 Nd8 22.Rf2 Ne6
23.Nf1 Rf7 24.Rd1 Ndf8 25.g4 fxg4 26.Bxg4 Rd8 27.Ng3 Qh4 28.Qe2 Ng5 29.Nf5 Rxf5
30.Bxf5 Nf3+ 31.Kh1 g6 32.Rg2 Kf7 33.b5 Ba8 34.c5 dxc5 35.Bg4 Rd3 36.Qc2 Nxh2
37.Be1 Nxg4+ 38.Bxh4 Nxe3 39.Rxd3 exd3 40.Qxd3 Nxg2 41.Qd8 Bf3 42.Qe7+ Kg8
43.Kh2 Nxh4 44.Qxh4 Be2 45.Qf6 Bxb5 46.Qxb6 Bc4 47.Qxc5 Bb3 48.Qe7 Ne6 49.Qf6 Ng7
50.Kg1 Nf5 51.Kf2 Bf7 52.Ke1 Bb3 53.Kd2 Bf7  1-0

[Event "Open"]
[Site "Ptuj SLO"]
[Date "2007.08.17"]
[Round "7"]
[White "Doric,N"]
[Black "Krumpacnik,D"]
[Result "0-1"]
[WhiteElo "2318"]
[BlackElo "2410"]

1.d4 Nf6 2.Nf3 e6 3.c4 Bb4+ 4.Nbd2 d5 5.Qa4+ Nc6 6.a3 Bxd2+ 7.Bxd2 Ne4 8.Rd1 O-O
9.e3 Bd7 10.Qc2 f5 11.Be2 Be8 12.b4 Bh5 13.b5 Ne7 14.Bb4 Rf6 15.Ne5 Bxe2
16.Qxe2 Ng6 17.f3 Nd6 18.O-O dxc4 19.Bxd6 cxd6 20.Nxc4 d5 21.Ne5 Nxe5 22.dxe5 Rf7
23.f4 Rc8 24.Rc1 Rfc7 25.Rxc7 Qxc7 26.g4 fxg4 27.Qxg4 Qb6 28.Rf3 Re8 29.Rg3 Re7
30.a4 Qc5 31.Qg5 d4 32.exd4 Qxd4+ 33.Kg2 Rf7 34.Qg4 Qxa4 35.Qxe6 Qxf4 36.Qc8+ Rf8
37.Qe6+ Kh8 38.Rb3 h6 39.Qd5 Qg4+ 40.Rg3 Qe2+ 41.Kh1 Rf1+ 42.Rg1 Rf2 43.Qd8+ Kh7  0-1

[Event "17th Chess Festival"]
[Site "Abu Dhabi UAE"]
[Date "2007.08.19"]
[Round "8"]
[White "Sundararajan,K"]
[Black "Udeshi,A"]
[Result "1-0"]
[WhiteElo "2443"]
[BlackElo "2307"]

1.d4 Nf6 2.c4 e6 3.Nf3 Bb4+ 4.Nbd2 b6 5.a3 Bxd2+ 6.Qxd2 Bb7 7.e3 O-O 8.Be2 Ne4
9.Qc2 d6 10.O-O f5 11.b4 Nd7 12.d5 exd5 13.Nd4 Qe8 14.cxd5 Bxd5 15.f3 Nef6
16.Nxf5 Kh8 17.Bb2 Be6 18.Ng3 c5 19.e4 Qe7 20.Rad1 Rad8 21.f4 Ng4 22.Qd2 Ndf6
23.h3 Nh6 24.Qc3 Qc7 25.Bf3 d5 26.bxc5 bxc5 27.exd5 Bxd5 28.Qe5 Qc6 29.Bxd5 Rxd5
30.Rxd5 Qxd5 31.Qxd5 Nxd5 32.Nh5 Rf7 33.Be5 Nf5 34.Rc1 h6 35.Rxc5 Nfe3 36.Nxg7 Nxf4
37.Ne6+  1-0

[Event "Independence Cup A"]
[Site "Kyiv UKR"]
[Date "2007.08.19"]
[Round "7"]
[White "Nyzhnyk,I"]
[Black "Dolzhikova,K"]
[Result "1-0"]
[WhiteElo "2341"]
[BlackElo "2278"]

1.d4 Nf6 2.c4 e6 3.Nf3 Bb4+ 4.Nbd2 Qe7 5.e3 O-O 6.a3 Bxd2+ 7.Qxd2 d6 8.Be2 e5
9.Qc2 Bg4 10.O-O e4 11.Ne1 Bxe2 12.Qxe2 d5 13.b3 Nc6 14.Bd2 a5 15.c5 Qd7
16.a4 Ne7 17.f4 exf3 18.gxf3 Ra6 19.Nd3 Ng6 20.Kh1 Qf5 21.Rae1 Re8 22.Rg1 h5
23.Rg2 h4 24.Reg1 Qh3 25.Rg5 Nh7 26.R5g4 Rf6 27.f4 Rfe6 28.Nf2 Rxe3 29.Bxe3 Qxe3
30.Qxe3 Rxe3 31.f5 Nf6 32.fxg6 Nxg4 33.gxf7+ Kxf7 34.Nxg4 Rxb3 35.Ne5+ Kg8
36.Ng6 Rb4 37.Nxh4 Rxd4 38.Nf5 Rxa4 39.Rxg7+ Kh8 40.Rxc7 Rc4 41.Ne3 Rc1+
42.Kg2 d4 43.Nd5 Kg8 44.Nf6+ Kf8 45.Rxb7 d3 46.Ne4 d2 47.Nxd2 Rxc5 48.Nf3 a4
49.Ra7 Rc2+ 50.Kg3 Ra2 51.Ne5 Ra1 52.Nc4 Kg8 53.Kh4 Rh1 54.h3 Ra1 55.Kh5 Rh1
56.h4 Ra1 57.Kh6 Rh1 58.h5 Ra1 59.Ne5 Kf8 60.Ng6+ Ke8 61.Kg7  1-0

[Event "Open"]
[Site "Ptuj SLO"]
[Date "2007.08.19"]
[Round "9"]
[White "Osmanbegovic,S"]
[Black "Krumpacnik,D"]
[Result "0-1"]
[WhiteElo "2298"]
[BlackElo "2410"]

1.d4 Nf6 2.c4 e6 3.Nf3 Bb4+ 4.Nbd2 d5 5.e3 O-O 6.Bd3 b6 7.O-O Bb7 8.b3 a5
9.Bb2 Qe7 10.Qc2 Bd6 11.Rfc1 Nbd7 12.cxd5 exd5 13.Ne5 g6 14.Ndf3 Rfc8 15.Bb5 Nb8
16.Nc6 Nxc6 17.Bxc6 Bxc6 18.Qxc6 Qd7 19.a4 Kf8 20.Ne5 Qxc6 21.Rxc6 Ke7 22.Rac1 Ne8
23.Nd3 f6 24.h3 Kd7 25.R6c2 Ng7 26.Kf1 Re8 27.Bc3 Ne6 28.Bd2 c5 29.dxc5 bxc5
30.Bc3 Ke7 31.Rd1 Red8 32.Nc1 Nc7 33.Rcd2 Ke6 34.g3 Be5 35.Rc2 Bd6 36.Rcd2 g5
37.g4 h5 38.f3 hxg4 39.hxg4 Rh8 40.Ke2 Be5 41.Kd3 Rh3 42.Rf1 Kd6 43.Kc2 Ne6
44.Nd3 Bxc3 45.Kxc3 Rah8 46.Nb2 Kc6 47.Nd3 Re8 48.Kc2 Re7 49.Rff2 Nc7 50.Rde2 Na6
51.f4 c4 52.Nc1 gxf4 53.exf4 Nb4+ 54.Kb2 c3+ 55.Kb1 Rxe2 56.Rxe2 Rh1 57.g5 fxg5
58.fxg5 d4 59.g6 d3  0-1

[Event "Dato Arthur Tan Malaysian Op"]
[Site "Kuala Lumpur MAS"]
[Date "2007.08.21"]
[Round "3"]
[White "Wang Rui"]
[Black "Legaspi,R"]
[Result "1-0"]
[WhiteElo "2482"]
[BlackElo "2316"]

1.d4 Nf6 2.c4 e6 3.Nf3 Bb4+ 4.Nbd2 b6 5.a3 Bxd2+ 6.Bxd2 Bb7 7.Bg5 h6 8.Bh4 d6
9.e3 Nbd7 10.h3 g5 11.Bg3 Ne4 12.Bh2 Qe7 13.Nd2 Nxd2 14.Qxd2 O-O-O 15.O-O-O f5
16.f3 Rhf8 17.Be2 Rf7 18.Rhf1 Rdf8 19.Qc3 Kb8 20.b4 f4 21.Rfe1 Qf6 22.exf4 gxf4
23.Bf1 Re7 24.Rd2 Rfe8 25.Kb2 e5 26.dxe5 Nxe5 27.Ka2 c5 28.Red1 Rd7 29.bxc5 bxc5
30.Bd3 Qf7 31.Ka1 Ka8 32.Bf1 Red8 33.Be2 Bc6 34.Rb2 Rb8 35.Rxb8+ Kxb8 36.Bf1 Qf6
37.Ka2 Ba4 38.Rb1+ Rb7 39.Rxb7+ Kxb7 40.Qc1 Ng6 41.Qb2+ Qxb2+ 42.Kxb2 Bc6
43.Kc3 Kb6 44.Bd3 Nh4 45.Bxf4 Nxg2 46.Bxh6 Bxf3 47.Bg5 d5 48.Kd2 dxc4 49.Bxc4 Kc6
50.Be2 Be4 51.Kc3 Kd6 52.Kc4 Bf5 53.Bg4 Bxg4 54.hxg4 a6 55.Kb3 Kc6 56.Ka4 Ne1
57.Ka5 Nf3 58.Bc1 Kb7 59.Bf4 Nd4 60.g5 Nc6+ 61.Ka4 Kb6 62.g6 Ne7 63.g7 a5
64.Bg5 Ng8 65.Bd8+ Ka6 66.Bxa5 Nf6 67.Bd8 Ng8 68.Bg5  1-0

[Event "20th Open"]
[Site "Panevezys LTU"]
[Date "2007.08.21"]
[Round "5"]
[White "Buivys,M"]
[Black "Rudys,A"]
[Result "0-1"]
[WhiteElo "1788"]
[BlackElo "2065"]

1.d4 Nf6 2.c4 e6 3.Nf3 Bb4+ 4.Nbd2 Qe7 5.e3 O-O 6.Bd3 d6 7.O-O e5 8.e4 Bg4
9.d5 a5 10.Qc2 Nh5 11.Ne1 Nf4 12.f3 Bc8 13.b3 Bc5+ 14.Kh1 Qf6 15.Rb1 Na6
16.a3 Qh6 17.Qc3 Nh5 18.g4 Ng3+ 19.Kg2 Nxf1 20.Nxf1 Qh4 21.Ng3 h5 22.g5 Nb4
23.Kh1 Na2 24.Qd2 Nxc1 25.Ng2 Nxd3 26.Qxd3 Qxg5 27.b4 axb4 28.axb4  0-1

[Event "X Open"]
[Site "Banyoles ESP"]
[Date "2007.08.22"]
[Round "7"]
[White "Campos Moreno,J"]
[Black "Shengelia,D"]
[Result "1-0"]
[WhiteElo "2446"]
[BlackElo "2572"]

1.d4 Nf6 2.c4 e6 3.Nf3 Bb4+ 4.Nbd2 b6 5.a3 Bxd2+ 6.Qxd2 Bb7 7.e3 d6 8.Be2 Nbd7
9.O-O O-O 10.b4 Ne4 11.Qc2 f5 12.Ne1 Qh4 13.f3 Ng5 14.Bd1 Rf6 15.Qf2 Qh5
16.Nd3 Qe8 17.Bb2 Qe7 18.Nf4 Rh6 19.Bb3 Kh8 20.Qc2 e5 21.dxe5 Nxe5 22.Qe2 Re8
23.Rae1 Qf7 24.Qd1 c5 25.Rf2 Nxc4 26.bxc5 bxc5 27.Rd2 Rc8 28.Bxc4 Qxc4 29.Rxd6 Rxd6
30.Qxd6 Nf7 31.Qe7 Qb3 32.Ba1 Kg8 33.Nh5 Bd5 34.Nxg7 c4 35.Bd4 Qb7 36.Nxf5  1-0

[Event "LNA Copa Puma"]
[Site "Argentina ARG"]
[Date "2007.08.25"]
[Round "3"]
[White "Bernal,G"]
[Black "Calderon Fernandez,G"]
[Result "1-0"]
[WhiteElo "2107"]
[BlackElo "2267"]

1.d4 Nf6 2.c4 e6 3.Nf3 Bb4+ 4.Nbd2 O-O 5.a3 Be7 6.e4 d5 7.e5 Ne4 8.Bd3 Nxd2
9.Bxd2 dxc4 10.Bxc4 b6 11.O-O Bb7 12.Rc1 Nc6 13.Bc3 Qc8 14.Ba2 Rd8 15.Qc2 Nb8
16.Bb1 g6 17.Nd2 Nc6 18.Nf3 a5 19.Qd2 Na7 20.Ng5 Nb5 21.Ne4 Bxe4 22.Bxe4 Rb8
23.Rfd1 Qd7 24.Qe3 Nxc3 25.Rxc3 c5 26.d5 exd5 27.Bxd5 Qg4 28.Rcd3 Kg7 29.h3 Qg5
30.f4 Qh4 31.Qf2 Qxf2+ 32.Kxf2 b5 33.Kf3 c4 34.R3d2 Rdc8 35.Rc2 Rc5 36.g4 Rd8
37.Ke4 b4 38.axb4 axb4 39.f5 Bg5 40.Rd4 c3 41.bxc3 bxc3 42.f6+ Kf8 43.Bxf7 Rxd4+
44.Kxd4 Ra5 45.Bd5 Ra4+ 46.Bc4 Bf4 47.Rxc3 Ra5 48.Bd5 Ra4+ 49.Rc4 Rxc4+ 50.Bxc4 Bg5
51.Kd5 Kf7 52.Kd6+ Kf8 53.Ke6 Ke8 54.Bb5+ Kf8 55.Bc6 Bh4 56.Bd5 Bg5 57.Bc4 Bh4
58.Kd5 Bg5 59.Ke4 Bh4 60.Kf4 h6 61.Bd3 Kf7 62.Ke4 Bg5 63.Kd5 Bh4 64.Kd6 Bg3
65.Bc4+ Kf8 66.Ke6 h5 67.Bd3 hxg4 68.hxg4 g5 69.Kf5  1-0

[Event "Open A"]
[Site "Polanica Zdroj POL"]
[Date "2007.08.25"]
[Round "9"]
[White "Wcislo,D"]
[Black "Chlost,M"]
[Result "1/2-1/2"]
[WhiteElo "2099"]
[BlackElo "2120"]

1.d4 Nf6 2.c4 e6 3.Nf3 Bb4+ 4.Nbd2 O-O 5.a3 Bxd2+ 6.Qxd2 b6 7.e3 Ne4 8.Qc2 Bb7
9.Be2 d6 10.O-O f5 11.b4 Nd7 12.Bb2 Qe7 13.Rad1 Rf6 14.d5 e5 15.Nh4 g6 16.f3 Ng5
17.f4 Ne4 18.Bd3 Rf7 19.Nf3 exf4 20.exf4 h6 21.Rde1 Re8 22.Bxe4 fxe4 23.Nd2 Nf6
24.Bxf6 Qxf6 25.Rxe4 Rxe4 26.Qxe4 Bc8 27.Re1 Kg7 28.g3 g5 29.Kg2 gxf4 30.Qxf4 Qxf4
31.gxf4 Rxf4 32.Re7+ Rf7 33.Rxf7+ Kxf7 34.Kg3 Kf6 35.Kf4 Bh3  1/2-1/2

[Event "15th Open"]
[Site "Nikea GRE"]
[Date "2007.08.26"]
[Round "5"]
[White "Sismanis,A"]
[Black "Dobrev,Nan"]
[Result "0-1"]
[WhiteElo "2183"]
[BlackElo "2469"]

1.d4 Nf6 2.c4 e6 3.Nf3 Bb4+ 4.Nbd2 b6 5.a3 Bxd2+ 6.Bxd2 h6 7.g3 Bb7 8.Bg2 d6
9.O-O Nbd7 10.b4 O-O 11.Qc2 Be4 12.Qb2 Qe7 13.Bc3 Rfe8 14.Rfd1 Rac8 15.Nd2 Bxg2
16.Kxg2 d5 17.b5 c5 18.bxc6 Rxc6 19.Bb4 Qd8 20.cxd5 exd5 21.Nf3 a5 22.Be1 Qe7
23.Kf1 Qe6 24.Rac1 Qh3+ 25.Kg1 Rce6 26.e3 Ng4 27.Qb5 Rf6 28.Qxd7 Rxf3 29.Qxe8+ Kh7
30.Rd2 Nxh2 31.Qc8 Ng4 32.Rc3 h5 33.e4 dxe4 34.Rxf3 Qh2+ 35.Kf1 Qh1+ 36.Ke2 Qxf3+
37.Kf1 Ne3+  0-1

[Event "1st Serbian League Men"]
[Site "Zlatibor SRB"]
[Date "2007.08.26"]
[Round "6"]
[White "Lajthajm,B"]
[Black "Popov,Si1"]
[Result "1/2-1/2"]
[WhiteElo "2511"]
[BlackElo "2481"]

1.d4 Nf6 2.c4 e6 3.Nf3 Bb4+ 4.Nbd2 b6 5.a3 Bxd2+ 6.Bxd2 Bb7 7.Bf4 d6 8.e3 Nbd7
9.Bg3 Ne4 10.Nd2 Nxg3 11.hxg3 Nf6 12.g4 c5 13.g5 Nd7 14.dxc5 dxc5 15.Qg4 Ne5
16.Qg3 Qd6 17.O-O-O O-O-O 18.f4 Nd3+ 19.Bxd3 Qxd3 20.Qf2 Rd7 21.Rhe1 h6 22.gxh6 Rxh6
23.e4 Rh2 24.Qf3 Qxf3 25.gxf3 Rh4 26.Rg1 g6 27.Rg4 Rh2 28.Kc2 f5 29.Rxg6 fxe4
30.Rxe6 exf3 31.f5 b5 32.cxb5 Rdxd2+ 33.Rxd2 f2 34.Re5 f1=Q 35.Rxc5+ Kb8
36.Rxh2 Be4+ 37.Kb3 Qd1+ 38.Rhc2 Bxc2+ 39.Rxc2 Qd3+ 40.Rc3 Qxb5+ 41.Ka2 Qxf5
42.Rc1 Qd5+ 43.Ka1 Kb7 44.Kb1 Kb6 45.Ka1 Qd3 46.Ka2 Qd2 47.Kb1 Kb5 48.Rc3 a5
49.Rc1 Qd3+ 50.Ka2 a4 51.Ka1  1/2-1/2

[Event "15th Open"]
[Site "Nikea GRE"]
[Date "2007.08.27"]
[Round "6"]
[White "Dobrev,Nan"]
[Black "Gharamian,T"]
[Result "0-1"]
[WhiteElo "2469"]
[BlackElo "2517"]

1.d4 Nf6 2.c4 e6 3.Nf3 Bb4+ 4.Nbd2 a5 5.a3 Bxd2+ 6.Bxd2 d6 7.b4 Ne4 8.b5 b6
9.g3 Bb7 10.Bg2 Nd7 11.O-O O-O 12.Bc1 f5 13.Ng5 Qf6 14.Qc2 Qg6 15.Nh3 e5
16.Bb2 Rae8 17.Rad1 Re7 18.f3 Nef6 19.d5 Bc8 20.Bc1 Qh5 21.Nf2 h6 22.e4 fxe4
23.Nxe4 Nxe4 24.Qxe4 Nc5 25.Qe2 Bh3 26.Bxh3 Qxh3 27.Be3 Nd7 28.Qg2 Qh5 29.g4 Qg6
30.h4 h5 31.Bg5 Ref7 32.gxh5 Qxh5 33.Qg4 Qg6 34.h5 Qf5 35.Kg2 e4 36.Qxf5 Rxf5
37.f4 Ne5 38.Rd4 Nf3 39.Rxf3 exf3+ 40.Kf2 Re8 41.Kxf3 Rff8 42.h6 Kf7 43.hxg7 Kxg7
44.Re4 Kf7 45.Rxe8 Rxe8 46.Bh4 Kg6 47.Kg4 Re4 48.c5 dxc5 49.Bd8 c4  0-1

[Event "1st Serbian League Men"]
[Site "Zlatibor SRB"]
[Date "2007.09.01"]
[Round "11"]
[White "Kizov,A"]
[Black "Rajkovic,Du"]
[Result "1/2-1/2"]
[WhiteElo "2396"]
[BlackElo "2522"]

1.d4 Nf6 2.c4 e6 3.Nf3 Bb4+ 4.Nbd2 b6 5.a3 Bxd2+ 6.Qxd2 Bb7 7.e3 O-O 8.Bd3 d6
9.b3 Nbd7 10.Bb2 Qe7  1/2-1/2

[Event "Open"]
[Site "Peiraias GRE"]
[Date "2007.09.02"]
[Round "2"]
[White "Kafetzopoulos,A"]
[Black "Gazis,Ef"]
[Result "0-1"]
[WhiteElo "1902"]
[BlackElo "2307"]

1.d4 Nf6 2.c4 e6 3.Nf3 Bb4+ 4.Nbd2 b6 5.e3 Bb7 6.Bd3 O-O 7.O-O d5 8.Qe2 Nbd7
9.e4 dxe4 10.Nxe4 Be7 11.Rd1 Re8 12.Ne5 Qc8 13.Ng5 Rf8 14.Nxd7 Qxd7 15.b3 Rfd8
16.Bb2 Qe8 17.Ne4 Rd7 18.Rd2 Nxe4 19.Bxe4 Bxe4 20.Qxe4 Bf6 21.Rad1 Rad8 22.g3 h5
23.h4 g6 24.Bc3 Bg7 25.Qf3 Rd6 26.d5 e5 27.Qe3 R6d7 28.Re2 f6 29.Qe4 Re7
30.Bb4 c5 31.Bd2 Kh7 32.Kg2 Qd7 33.f3 Ree8 34.Qd3 Bf8 35.Rde1 Bd6 36.Bc1 Rg8
37.Qe3 Rg7 38.Qd3 Qf5 39.Qe4 Rf8 40.Bb2 Qxe4 41.Rxe4 g5 42.Kf2 Rfg8 43.hxg5 Rxg5
44.Rh1 Kg6 45.Bc1 f5 46.Reh4 f4 47.g4 hxg4 48.Rh6+ Kf5 49.Rxd6 gxf3 50.Rd7 Rg2+
51.Kf1 Rc2 52.Ba3 Rxa2 53.Rxa7 Ra1+ 54.Kf2 Rxh1 55.Kxf3 Rh3+ 56.Kf2 Rh2+
57.Kf1 Ke4  0-1

[Event "4th LGA Premium Cup"]
[Site "Nuernberg GER"]
[Date "2007.09.06"]
[Round "1"]
[White "Prusikin,M"]
[Black "Suess,H"]
[Result "1-0"]
[WhiteElo "2569"]
[BlackElo "2029"]

1.d4 Nf6 2.c4 e6 3.Nf3 Bb4+ 4.Nbd2 O-O 5.a3 Bxd2+ 6.Qxd2 b6 7.e3 Bb7 8.b4 d6
9.Bb2 Nbd7 10.Be2 Qe7 11.O-O a5 12.Qc2 Ne4 13.Bd3 f5 14.Nd2 Nxd2 15.Qxd2 axb4
16.axb4 Qg5 17.f3 Rxa1 18.Bxa1 Ra8 19.Bc3 g6 20.Be2 Qd8 21.d5 e5 22.f4 h5
23.e4 Nf6 24.exf5 Ne4 25.Qe3 Nxc3 26.Qxc3 Ra2 27.Qg3 Rxe2 28.Qxg6+ Kf8 29.Qxh5 Re4
30.Qh8+ Ke7 31.Qg7+ Ke8 32.Qg8+  1-0

[Event "FSIM September"]
[Site "Budapest HUN"]
[Date "2007.09.08"]
[Round "8"]
[White "Petran,Pa"]
[Black "Arjun,V"]
[Result "1-0"]
[WhiteElo "2369"]
[BlackElo "2325"]

1.d4 Nf6 2.c4 e6 3.Nf3 Bb4+ 4.Nbd2 b6 5.a3 Bxd2+ 6.Bxd2 Ne4 7.g3 Bb7 8.Bg2 Nxd2
9.Qxd2 O-O 10.O-O d6 11.d5 Qf6 12.Nd4 e5 13.Nb5 Qe7 14.f4 a6 15.Nc3 Nd7 16.b4 Rae8
17.f5 Nf6 18.Ne4 Ra8 19.Rac1 Rfb8 20.Rc3 a5 21.b5 Bc8 22.g4 Nxe4 23.Bxe4 f6
24.Rg3 h6 25.h4 Kf7 26.g5 hxg5 27.hxg5 Qf8 28.Rf2 Bd7 29.Rh2  1-0

[Event "3rd Geller mem Open A"]
[Site "Odessa UKR"]
[Date "2007.09.08"]
[Round "1"]
[White "Podgaets,M"]
[Black "Kornilov,P"]
[Result "1-0"]
[WhiteElo "2460"]
[BlackElo "2148"]

1.d4 Nf6 2.Nf3 e6 3.c4 Bb4+ 4.Nbd2 Nc6 5.a3 Bxd2+ 6.Bxd2 Ne4 7.e3 O-O 8.Rc1 d6
9.b4 Ne7 10.Bd3 f5 11.Qc2 Nxd2 12.Qxd2 Ng6 13.c5 Bd7 14.Bc4 Kh8 15.O-O Nh4
16.Nxh4 Qxh4 17.f4 Rae8 18.b5 b6 19.Be2 Rc8 20.Qb4 dxc5 21.dxc5 e5 22.cxb6 axb6
23.Rxc7 Qd8 24.Rxc8 Bxc8 25.Rd1 Qe8 26.fxe5 g6 27.Qd6 Kg7 28.Bc4 f4 29.e6 Rf6
30.Qc7+ Kh6 31.Rd8 Rf7 32.Qd6  1-0

[Event "TCh-FIN 2007-8"]
[Site "Finland FIN"]
[Date "2007.09.16"]
[Round "2"]
[White "Koskinen,Hen"]
[Black "Lehtivaara,P"]
[Result "0-1"]
[WhiteElo "2295"]
[BlackElo "2376"]

1.Nf3 Nf6 2.d4 e6 3.c4 Bb4+ 4.Nbd2 b6 5.a3 Bxd2+ 6.Bxd2 Bb7 7.Bg5 d6 8.e3 Nbd7
9.Be2 h6 10.Bh4 Qe7 11.Qc2 g5 12.Bg3 Ne4 13.d5 Ndf6 14.dxe6 fxe6 15.O-O O-O-O
16.Qa4 Kb8 17.Nd4 h5 18.f3 Nxg3 19.hxg3 h4 20.g4 h3 21.Nc6+ Bxc6 22.Qxc6 hxg2
23.Kxg2 Qh7 24.Rh1 Qc2 25.Rhe1 Rh4 26.Rac1 Qh7 27.f4 Rh2+ 28.Kg1 Qh4  0-1

[Event "17th ch-EU U16 Girls"]
[Site "Sibenik CRO"]
[Date "2007.09.20"]
[Round "7"]
[White "Ozturk,K"]
[Black "Warakomska,A"]
[Result "1/2-1/2"]
[WhiteElo "2153"]
[BlackElo "2135"]

1.d4 Nf6 2.c4 e6 3.Nf3 Bb4+ 4.Nbd2 O-O 5.a3 Bxd2+ 6.Bxd2 Ne4 7.Bf4 b6 8.e3 Bb7
9.Bd3 d6 10.Qc2 f5 11.h4 Nd7 12.Ng5 Nxg5 13.Bxg5 Qe8 14.e4 e5 15.exf5 exd4+
16.Kf1 Qf7 17.Re1 Rae8 18.Rxe8 Rxe8 19.f3 Ne5 20.Kf2 Ba6 21.Re1 d5 22.b3 Nxd3+
23.Qxd3 Rxe1 24.Kxe1 c5 25.Kd2 dxc4 26.bxc4 Bxc4 27.Qe4 h6 28.Bf4 Bd5 29.Qe5 Bc6
30.g4 Qb3 31.g5 Qc3+ 32.Ke2 Qxf3+ 33.Ke1 Qh1+ 34.Kd2 Qg2+ 35.Kc1 Qh1+ 36.Kd2 Qg2+
37.Kc1 Qh1+  1/2-1/2

[Event "George Trundle NZ IM"]
[Site "Auckland NZL"]
[Date "2007.09.23"]
[Round "2"]
[White "Johansen,D"]
[Black "Watson,B"]
[Result "1/2-1/2"]
[WhiteElo "2446"]
[BlackElo "2221"]

1.Nf3 Nf6 2.d4 e6 3.c4 Bb4+ 4.Nbd2 b6 5.a3 Bxd2+ 6.Bxd2 Bb7 7.Bg5 d6 8.Qc2 Nbd7
9.Nd2 c5 10.dxc5 bxc5 11.e3 O-O 12.f3 d5 13.Be2 h6 14.Bh4 a5 15.O-O Qb6 16.Rfc1 Rfc8
17.Rab1 a4 18.Bd3 d4 19.Bxf6 Nxf6 20.exd4 Rd8 21.b3 Rxd4 22.bxa4 Qd6 23.Rxb7 Rxd3
24.Nf1 Qd4+ 25.Kh1 Rd8 26.Rb3 e5 27.Rxd3  1/2-1/2

[Event "Highlands Open A"]
[Site "Zdar nad Sazavou CZE"]
[Date "2007.09.23"]
[Round "2"]
[White "Cifka,S"]
[Black "Bores,R"]
[Result "1-0"]
[WhiteElo "2410"]
[BlackElo "2196"]

1.d4 Nf6 2.Nf3 e6 3.c4 Bb4+ 4.Nbd2 O-O 5.a3 Bxd2+ 6.Qxd2 d6 7.e3 Nc6 8.b4 Ne4
9.Qc2 f5 10.Bd3 Ng5 11.Nxg5 Qxg5 12.O-O e5 13.dxe5 dxe5 14.b5 e4 15.bxc6 exd3
16.Qxd3 bxc6 17.Bb2 Rd8 18.Qc3 c5 19.h4 Qg4 20.Qe5 Bb7 21.f3 Qg6 22.Qxc7 Ba6
23.Rfd1 Rdc8 24.Qf4 Rd8 25.Rd5 Rxd5 26.cxd5 Bd3 27.Qc7 c4 28.d6 Qf7 29.d7 Qf8
30.Bxg7 Qd8 31.Be5  1-0

[Event "27th Open"]
[Site "Munich GER"]
[Date "2007.10.04"]
[Round "6"]
[White "Lammers,M"]
[Black "Marcelin,C"]
[Result "1/2-1/2"]
[WhiteElo "2335"]
[BlackElo "2514"]

1.d4 Nf6 2.Nf3 e6 3.c4 Bb4+ 4.Nbd2 b6 5.g3 Bb7 6.Bg2 c5 7.O-O cxd4 8.Nb3 O-O
9.Nbxd4 Nc6 10.a3 Be7 11.b4 a5 12.Nxc6 Bxc6 13.b5 Be4 14.Bb2 Qc7 15.Ne5 Bxg2
16.Kxg2 Bd6 17.Nf3 e5 18.Qd2 Rfe8 19.Rfd1 Bc5 20.Qc2 h6 21.Qf5 d6 22.Ne1 Re6
23.e3 Qb7+ 24.Kg1 g6 25.Qf3 Qa7 26.Nd3 Rc8 27.Rac1 Qe7 28.Nxc5 Rxc5 29.Qa8+ Kh7
30.a4 Rc7 31.Ba3 Nd7 32.Rd5 Nc5 33.Bxc5 Rxc5 34.Rxc5 dxc5 35.Rd1 Rd6 36.Rd5 Qf6
37.Qf8 Rxd5 38.cxd5 Qf3 39.e4 c4 40.d6 c3 41.Qc8 Qd1+ 42.Kg2 Qxd6  1/2-1/2

[Event "WJun Girls"]
[Site "Yerevan ARM"]
[Date "2007.10.04"]
[Round "2"]
[White "Limontaite,S"]
[Black "Khotenashvili,B"]
[Result "0-1"]
[WhiteElo "2141"]
[BlackElo "2328"]

1.d4 Nf6 2.c4 e6 3.Nf3 Bb4+ 4.Nbd2 b6 5.a3 Be7 6.e4 d5 7.Qc2 c6 8.Bd3 Bb7
9.O-O h6 10.cxd5 cxd5 11.e5 Nfd7 12.b4 a6 13.Ne1 Nf8 14.Nb3 Bc6 15.Qe2 Ba4
16.Nd2 Nc6 17.Bb2 Na7 18.f4 Bb5 19.a4 Bxd3 20.Nxd3 Qd7 21.Nb3 Ng6 22.a5 Qb7
23.axb6 Qxb6 24.Nbc5 Nc6 25.f5 exf5 26.e6 O-O 27.Nd7 Nxd4 28.Nxb6 Nxe2+ 29.Kf2 Nef4
30.Nxf4 Nxf4 31.Nxa8 Rxa8 32.exf7+ Kxf7 33.Kg1 Nd3 34.Bd4 Nxb4 35.Rxf5+ Kg6
36.Rf2 Rc8 37.g3 Rc4 38.Be3 Bf6 39.Ra5 Re4 40.Bc5 Nd3 41.Rd2 Nxc5 42.Rxc5 Bd4+
43.Rxd4 Rxd4 44.Kf2 Rd2+ 45.Ke3 Rxh2 46.Rxd5 Ra2 47.Rc5 a5 48.Kf3 a4 49.Ra5 a3
50.Kf4 Ra1 51.Kf3 Kf6 52.Kg2 Ke6 53.Ra7 g6 54.Ra6+ Kf5 55.Kf3 h5 56.Kg2 Ra2+
57.Kf3 Ra1 58.Kg2 g5 59.Ra5+ Kf6 60.Ra6+ Ke7 61.g4 h4 62.Ra5 a2 63.Ra6 Kd7
64.Kh2 Kc7 65.Kg2 Kb7 66.Ra3 Kb6 67.Kh2 Kc5 68.Ra8 Kd4 69.Ra4+ Ke3 70.Ra3+ Kf4
71.Ra4+ Kf3  0-1

[Event "FSGM October"]
[Site "Budapest HUN"]
[Date "2007.10.09"]
[Round "4"]
[White "Brustkern,J"]
[Black "Arjun,V"]
[Result "1/2-1/2"]
[WhiteElo "2332"]
[BlackElo "2394"]

1.d4 Nf6 2.Nf3 e6 3.c4 Bb4+ 4.Nbd2 b6 5.a3 Bxd2+ 6.Qxd2 Bb7 7.e3 O-O 8.Be2 d6
9.O-O Nbd7 10.b4 Ne4 11.Qc2 f5 12.Bb2 Qe7 13.Rad1 Kh8  1/2-1/2

[Event "TCh-HUN 2007-8"]
[Site "Budapest HUN"]
[Date "2007.10.14"]
[Round "1"]
[White "Eperjesi,L"]
[Black "Toth,Li"]
[Result "0-1"]
[WhiteElo "2299"]
[BlackElo "2231"]

1.d4 Nf6 2.Nf3 e6 3.c4 Bb4+ 4.Nbd2 b6 5.a3 Bxd2+ 6.Bxd2 Bb7 7.e3 O-O 8.Be2 Ne4
9.O-O d6 10.Be1 Nd7 11.Nd2 f5 12.f3 Nxd2 13.Qxd2 a5 14.b3 Qg5 15.Bg3 h5 16.Rad1 Rad8
17.b4 axb4 18.axb4 h4 19.Bf4 Qg6 20.h3 e5 21.Bh2 Qg5 22.Qc3 e4 23.c5 exf3
24.Bxf3 Bxf3 25.Rxf3 Nf6 26.Bf4 Qg6 27.cxd6 cxd6 28.b5 Ne4 29.Qb3+ Kh7 30.Bh2 Rc8
31.Rf4 Qg5 32.Rf3 Rc3 33.Qb1 Rfc8 34.Bf4 Qg6 35.Kh2 Rc2 36.Rg1 Nd2 37.Qd1 Nxf3+
38.Qxf3 Rb2 39.Qd5 Rc3 40.Qb7 Rcc2 41.Qd5 Re2 42.Kh1 Rbc2 43.Kh2 Rc3 44.Kh1 Rb2
45.Rf1 Rcb3 46.Bxd6 Rxb5 47.Qc6 Rb1 48.Rxb1 Rxb1+ 49.Kh2 Rb2 50.Qd5 b5 51.Be5 b4
52.Qf3 b3  0-1

[Event "ch-ISL Rapid"]
[Site "Reykjavik ISL"]
[Date "2007.10.20"]
[Round "4.2"]
[White "Stefansson,H"]
[Black "Bergsson,Sn"]
[Result "0-1"]
[WhiteElo "2574"]
[BlackElo "2298"]

1.d4 Nf6 2.c4 e6 3.Nf3 Bb4+ 4.Nbd2 b6 5.a3 Bxd2+ 6.Qxd2 a5 7.b3 h6 8.Bb2 d6
9.e3 Bb7 10.Bd3 Nbd7 11.O-O Qe7 12.Qc2 e5 13.Nd2 O-O 14.d5 b5 15.e4 bxc4
16.Bxc4 Rfc8 17.b4 c6 18.dxc6 Bxc6 19.Qd3 Nb6 20.Bb3 d5 21.exd5 Nbxd5 22.Rfe1 Nf4
23.Qf5 Nxg2 24.Bxe5 Nxe1 25.Rxe1 Qd7 26.Qf4 Re8 27.Nc4 Qd3 28.Qg3 Qxg3+ 29.hxg3 Bd5
30.Bc3 Ne4 31.Bb2 Nd6 32.Rc1 Rac8  0-1

[Event "7th Rohde Open"]
[Site "Sautron FRA"]
[Date "2007.10.29"]
[Round "4"]
[White "Potkin,V"]
[Black "Dobrev,Nan"]
[Result "1-0"]
[WhiteElo "2612"]
[BlackElo "2448"]

1.d4 Nf6 2.c4 e6 3.Nf3 Bb4+ 4.Nbd2 b6 5.a3 Bxd2+ 6.Qxd2 Bb7 7.e3 d6 8.b4 a5
9.Bb2 axb4 10.axb4 Rxa1+ 11.Bxa1 Nbd7 12.Be2 O-O 13.O-O Qe7 14.Bb2 Ra8 15.Ra1 Qd8
16.Qd1 Ne4 17.Ne1 f5 18.f3 Nef6 19.Nd3 Rxa1 20.Qxa1 Qa8 21.Qxa8+ Bxa8 22.b5 Kf7
23.Kf2 Bb7 24.Bd1 Ke7 25.Ba3 Kf7 26.Bb2 Ke7 27.h3 h5 28.h4 Kf7 29.Bb3 Ke7
30.Bc3 Bc8 31.Ke2 Bb7 32.Bb4 Kf7 33.Be1 Ke7 34.Bg3 c5 35.bxc6 Bxc6 36.Kd2 Nf8
37.Kc3 Ng6 38.Kb4 Kd7 39.Bc2 Ke7 40.Nb2 Bd7 41.Bf2 Ne8 42.Na4 Bxa4 43.Kxa4 Nc7
44.g4 hxg4 45.fxg4 Kf6 46.gxf5 exf5 47.Bg3 Ke6 48.d5+ Ke7 49.Bxf5 Ne5 50.Kb4 b5
51.Bxe5 dxe5 52.Kc5  1-0

[Event "22nd GP Open A"]
[Site "Le Touquet FRA"]
[Date "2007.10.31"]
[Round "7"]
[White "Kunin,V"]
[Black "Ikonnikov,Vy"]
[Result "1/2-1/2"]
[WhiteElo "2507"]
[BlackElo "2555"]

1.d4 Nf6 2.Nf3 e6 3.c4 Bb4+ 4.Nbd2 b6 5.a3 Bxd2+ 6.Bxd2 Bb7 7.Bg5 h6 8.Bh4 d6
9.e3 Nbd7 10.Be2 Qe7 11.h3 g5 12.Bg3 Ne4 13.Bh2 h5 14.Ng1 h4 15.Qc2 f5 16.f3 Ng3
17.Bxg3 hxg3 18.Bd3 O-O-O 19.O-O-O g4 20.e4 Rdf8 21.Rf1 Qf6 22.Qe2 fxe4 23.Bxe4 Bxe4
24.Qxe4 Qf5 25.Re1 Nf6 26.Qc2 Kd7 27.h4 Rfg8 28.fxg4 Qxc2+ 29.Kxc2 Rxg4 30.Nf3 Nh5
31.Kc3 Rf8 32.Re3 Nf4 33.Rg1 a5 34.Kb3 Rf5 35.Ka2 a4 36.Re4 Rg8 37.Re3 Rg4
38.Re4 Rg8 39.Re3 Rg4  1/2-1/2